Największe miasta opolskiego kończące się A-Z - Statystyki

Ogólne statystyki
  • Ten quiz został rozwiązany 29 razy
    19 od ostatniego zresetowania
  • Średni wynik to 6 z 12
Statystyki odpowiedzi
Litera Przybliżona populacja Miasto % Poprawnych
A 40 tys. Nysa
81%
E 130 tys. Opole
81%
G 30 tys. Brzeg
56%
K 22 tys. Kluczbork
56%
W 16 tys. Namysłów
56%
O 9 tys. Olesno
44%
Y 13 tys. Głuchołazy
38%
D 2 tys. Ujazd
38%
Ń 3,5 tys. Dobrodzień
31%
N 6,4 tys. Gogolin
31%
I 5,5 tys. Lewin Brzeski
25%
Z 5,5tys. Kietrz
19%
Nie znaleziono quizów pasujących do podanych kryteriów
Rozkład punktacji
Procent ludzi z każdym wynikiem
Percentyl według liczby udzielonych odpowiedzi
Twoja historia wyników
Nie rozwiązałeś tego quizu od ostatniego zresetowania